[Event "Prague Mencik Memorial 6th"]
[Site "Prague"]
[Date "2023.09.24"]
[Round "1"]
[White "Jirasek, Jiri"]
[Black "Fedorov, Evgueny"]
[Result "0-1"]
[WhiteElo "1791"]
[BlackElo "2176"]
[PlyCount "74"]
[EventDate "2023.09.24"]
[EventType "swiss"]
[EventRounds "9"]
[EventCountry "CZE"]
[SourceTitle "EXT 2024"]
[Source "ChessBase"]
[SourceDate "2023.10.10"]
[SourceVersion "1"]
[SourceVersionDate "2023.10.10"]
[SourceQuality "1"]

1. d4 Nf6 2. c4 e6 3. Nf3 b6 4. Nc3 Bb7 5. e3 Bb4 6. Bd2 0-0 7. Rc1 d6 8. a3 Bxc3 9. Bxc3 Ne4 10. Be2 Nd7 11. 0-0 f5 12. d5 e5 13. b4 Nxc3 14. Rxc3 a5 15. Qc2 Qf6 16. e4 fxe4 17. Qxe4 Qh6 18. Qh4 Qxh4 19. Nxh4 axb4 20. axb4 Ra4 21. Bg4 Rd8 22. Bxd7 Rxd7 23. b5 Rf7 24. g3 Bc8 25. Rfc1 Bh3 26. Ng2 Rf8 27. Ne3 h5 28. Nc2 Rfa8 29. Ne3 Ra1 30. f3 R8a2 31. Rxa1 Rxa1+ 32. Kf2 Rh1 33. g4 h4 34. Nf5 Rxh2+ 35. Ke3 Bf1 36. f4 Re2+ 37. Kf3 e4# 0-1

[Event "Prague Mencik Memorial 6th"]
[Site "Prague"]
[Date "2023.09.24"]
[Round "5"]
[White "Kalousek, Zdenek"]
[Black "Fedorov, Evgueny"]
[Result "0-1"]
[WhiteElo "1989"]
[BlackElo "2176"]
[PlyCount "49"]
[EventDate "2023.09.24"]
[EventType "swiss"]
[EventRounds "9"]
[EventCountry "CZE"]
[SourceTitle "EXT 2024"]
[Source "ChessBase"]
[SourceDate "2023.10.10"]
[SourceVersion "1"]
[SourceVersionDate "2023.10.10"]
[SourceQuality "1"]

1. c4 Nf6 2. Nc3 c5 3. Nf3 e6 4. e3 b6 5. d4 cxd4 6. exd4 Bb4 7. Bd3 0-0 8. 0-0 d5 9. Bg5 dxc4 10. Be4 Bxc3 11. bxc3 Nxe4 12. Bxd8 Rxd8 13. Qc2 Bb7 14. Rfe1 Nd6 15. Ne5 Na6 16. h4 Nc7 17. h5 Nd5 18. a4 Nf4 19. f3 Nxh5 20. Kf2 g6 21. Rh1 Kg7 22. Qd2 f6 23. Ng4 Nf5 24. Ne3 Nd6 25. g4 0-1

[Event "Prague Mencik Memorial 6th"]
[Site "Prague"]
[Date "2023.09.24"]
[Round "7"]
[White "Shagbazyan, Taron"]
[Black "Fedorov, Evgueny"]
[Result "1-0"]
[WhiteElo "2426"]
[BlackElo "2176"]
[PlyCount "77"]
[EventDate "2023.09.24"]
[EventType "swiss"]
[EventRounds "9"]
[EventCountry "CZE"]
[SourceTitle "EXT 2024"]
[Source "ChessBase"]
[SourceDate "2023.10.10"]
[SourceVersion "1"]
[SourceVersionDate "2023.10.10"]
[SourceQuality "1"]

1. d4 Nf6 2. c4 e6 3. Nc3 Bb4 4. e3 0-0 5. Bd3 Re8 6. Nf3 d6 7. 0-0 Bxc3 8. bxc3 e5 9. dxe5 dxe5 10. Nxe5 Qe7 11. Nf3 Nbd7 12. e4 Ne5 13. Nxe5 Qxe5 14. Qc2 Ng4 15. f4 Qc5+ 16. Kh1 Qh5 17. h3 Qh4 18. Kg1 Nf6 19. e5 Nh5 20. Rf3 Qe1+ 21. Bf1 g6 22. g4 Ng7 23. Rf2 h5 24. Qd3 hxg4 25. Bb2 Bf5 26. Rxe1 Bxd3 27. Bxd3 gxh3 28. Be4 c6 29. Ba3 Rad8 30. Kh2 Rd7 31. Kxh3 Ne6 32. Kg3 c5 33. Bd5 b6 34. Bc1 Red8 35. Rd2 Ng7 36. Red1 Kf8 37. Kf3 Nf5 38. Be4 Rxd2 39. Rxd2 1-0

[Event "CZE-chT1W 2122"]
[Site "Czech Republic"]
[Date "2021.11.28"]
[Round "4.6"]
[White "Smolik, Jachym"]
[Black "Fedorov, Evgueny"]
[Result "1/2-1/2"]
[WhiteElo "2218"]
[BlackElo "2234"]
[PlyCount "112"]
[EventDate "2021.10.10"]
[EventType "team-tourn"]
[EventRounds "11"]
[EventCountry "CZE"]
[SourceTitle "EXT 2023"]
[Source "ChessBase"]
[SourceDate "2022.10.05"]
[SourceVersion "1"]
[SourceVersionDate "2022.10.05"]
[SourceQuality "1"]
[WhiteTeam "Ricany Betsys"]
[BlackTeam "Praha DP EA Hotels"]
[WhiteTeamCountry "CZE"]
[BlackTeamCountry "CZE"]

1. d4 Nf6 2. Nf3 e6 3. c4 b6 4. a3 Bb7 5. Nc3 Ne4 6. Qd3 Nxc3 7. Qxc3 Be7 8. e3 0-0 9. Bd3 f5 10. Qc2 Qe8 11. Rg1 c5 12. Bd2 cxd4 13. Nxd4 Nc6 14. Nxc6 Bxc6 15. g4 Bf3 16. Bc3 Bf6 17. h3 Bxc3+ 18. bxc3 Rc8 19. Rg3 Be4 20. Bxe4 fxe4 21. Qxe4 Rc5 22. Rd1 Qc8 23. Rd4 e5 24. Rd3 Rxc4 25. Qxe5 Qc6 26. Ke2 Rc8 27. Rf3 Rxc3 28. Qf5 Qc4 29. Rf4 Qa2+ 30. Rd2 Rc2 31. Rfd4 Rxd2+ 32. Rxd2 Qxa3 33. Qxd7 Rf8 34. Qd5+ Kh8 35. Qd3 Qxd3+ 36. Rxd3 h6 37. f4 a5 38. Rb3 Rb8 39. Rb5 Kg8 40. Kd3 Kf7 41. Rf5+ Ke6 42. Kc4 Ra8 43. Kb3 a4+ 44. Ka3 Kd6 45. e4 Kc6 46. g5 b5 47. gxh6 gxh6 48. Kb4 a3 49. Rc5+ Kd6 50. Rc1 Ra4+ 51. Kxb5 Rxe4 52. Rc3 a2 53. Ra3 Re2 54. Kc4 Rh2 55. Kd4 Rxh3 56. Rxa2 Rf3 1/2-1/2

[Event "EU-ch Online U2300 Qual"]
[Site "Chess.com INT"]
[Date "2020.05.25"]
[Round "3"]
[White "Fedorov, Evgueny"]
[Black "Tsirulnik, Maritsa"]
[Result "1-0"]
[WhiteElo "2236"]
[BlackElo "2139"]
[PlyCount "89"]
[EventDate "2020.05.25"]
[EventType "swiss"]
[EventRounds "8"]
[EventCountry "NET"]
[SourceTitle "EXT 2021"]
[Source "ChessBase"]
[SourceDate "2020.10.23"]
[SourceVersion "1"]
[SourceVersionDate "2020.10.23"]
[SourceQuality "1"]

1. e4 c5 2. Nf3 e6 3. d4 cxd4 4. Nxd4 Nc6 5. Nc3 d6 6. Be3 Nf6 7. f3 h5 8. Qd2 a6 9. 0-0-0 Qc7 10. Kb1 b5 11. Ndxb5 axb5 12. Nxb5 Qb7 13. Nxd6+ Bxd6 14. Qxd6 Bd7 15. Bc4 Qb8 16. Bc5 Qxd6 17. Bxd6 Na5 18. Be2 Nb7 19. Bb4 h4 20. g4 hxg3 21. hxg3 0-0-0 22. g4 Bc6 23. b3 Kc7 24. a4 Nd7 25. Bc3 f6 26. a5 Nd6 27. Bb2 Rxh1 28. Rxh1 Ra8 29. b4 Bb5 30. Bxb5 Nxb5 31. Rh7 Rg8 32. f4 Nd6 33. e5 fxe5 34. fxe5 Nc4 35. Bd4 Kc6 36. Ka2 Kb5 37. Kb3 Nb8 38. Bc3 Nc6 39. Rh5 Rd8 40. Rg5 Rd7 41. Rg6 Nd8 42. Rg5 Nc6 43. Rh5 Rd5 44. Rh7 Rd7 45. Rh8 1-0

[Event "CZE-chT1W 1920"]
[Site "Czech Republic"]
[Date "2020.03.01"]
[Round "9.3"]
[White "Fedorov, Evgueny"]
[Black "Stinka, Jakub"]
[Result "0-1"]
[WhiteElo "2286"]
[BlackElo "2204"]
[PlyCount "116"]
[EventDate "2019.10.20"]
[EventType "team-tourn"]
[EventRounds "11"]
[EventCountry "CZE"]
[SourceTitle "CBM 195 Extra"]
[Source "ChessBase"]
[SourceDate "2020.05.31"]
[SourceVersion "1"]
[SourceVersionDate "2020.05.31"]
[SourceQuality "1"]
[WhiteTeam "Praha DP EA Hotels"]
[BlackTeam "Ceske Budejovice"]
[WhiteTeamCountry "CZE"]
[BlackTeamCountry "CZE"]

1. e4 c5 2. Nf3 d6 3. d4 cxd4 4. Nxd4 Nf6 5. Nc3 Nc6 6. Bg5 e6 7. Qd2 a6 8. 0-0-0 Bd7 9. f4 h6 10. Bxf6 Qxf6 11. Nf3 Qd8 12. g4 Be7 13. h4 Qa5 14. Kb1 0-0-0 15. Qc1 Be8 16. Bh3 g5 17. f5 Bf6 18. Rhf1 Qc7 19. Rf2 Kb8 20. Qe3 Ne5 21. Nxe5 Bxe5 22. Ne2 Rc8 23. Nd4 Qb6 24. Rd3 Rc4 25. Nb3 Qxe3 26. Rxe3 Bf4 27. Ree2 b6 28. c3 Bd7 29. h5 Rhc8 30. Bg2 b5 31. a3 Ka7 32. Nd2 R4c5 33. Nf3 a5 34. Rc2 Kb6 35. Rfe2 R8c7 36. Nd4 Rc4 37. Nf3 b4 38. cxb4 axb4 39. Rxc4 Rxc4 40. Nd2 Rd4 41. Nf3 Rd1+ 42. Kc2 Ba4+ 43. b3 Rc1+ 44. Kb2 Bb5 45. Re1 bxa3+ 46. Kxa3 Rc2 47. Bf1 Bc1+ 48. Kb4 Bxf1 49. Rxf1 Be3 50. Ka3 Kb5 51. b4 Kc4 52. Ra1 Rc3+ 53. Ka4 Rb3 54. Ra2 Rxb4+ 55. Ka5 Rb8 56. Rc2+ Kd3 57. Ne1+ Kxe4 58. Re2 d5 0-1

[Event "Prague Zita Memorial"]
[Site "Prague"]
[Date "2019.06.29"]
[Round "9"]
[White "Fedorov, Evgueny"]
[Black "Netusil, Miloslav"]
[Result "1-0"]
[WhiteElo "2250"]
[BlackElo "2189"]
[PlyCount "27"]
[EventDate "2019.06.22"]
[EventType "tourn"]
[EventRounds "9"]
[EventCountry "CZE"]
[SourceTitle "CBM 191 Extra"]
[Source "ChessBase"]
[SourceDate "2019.09.30"]
[SourceVersion "1"]
[SourceVersionDate "2019.09.30"]
[SourceQuality "1"]

1. e4 e6 2. d4 d5 3. Nc3 Be7 4. Nf3 Nf6 5. Bd3 c5 6. exd5 cxd4 7. Bb5+ Bd7 8. Bxd7+ Qxd7 9. dxe6 Qxe6+ 10. Ne2 Bb4+ 11. Bd2 Bc5 12. 0-0 Nc6 13. b4 d3 14. Nf4 1-0

[Event "Prague Zita Memorial"]
[Site "Prague"]
[Date "2019.06.27"]
[Round "7"]
[White "Fedorov, Evgueny"]
[Black "Neckar, Lubomir"]
[Result "1-0"]
[WhiteElo "2250"]
[BlackElo "2285"]
[PlyCount "145"]
[EventDate "2019.06.22"]
[EventType "tourn"]
[EventRounds "9"]
[EventCountry "CZE"]
[SourceTitle "CBM 191 Extra"]
[Source "ChessBase"]
[SourceDate "2019.09.30"]
[SourceVersion "1"]
[SourceVersionDate "2019.09.30"]
[SourceQuality "1"]

1. e4 Nf6 2. e5 Nd5 3. d4 d6 4. c4 Nb6 5. exd6 cxd6 6. Nc3 g6 7. Be3 Bg7 8. Rc1 0-0 9. b3 e5 10. dxe5 dxe5 11. Qxd8 Rxd8 12. c5 N6d7 13. Bc4 Nc6 14. Nf3 Na5 15. Be2 b6 16. Na4 bxc5 17. Nxc5 Nb6 18. 0-0 Nd5 19. Rfd1 Bg4 20. Bg5 Nf4 21. Rxd8+ Rxd8 22. Ba6 Rb8 23. Nd2 h6 24. Bxf4 exf4 25. Nde4 Rb6 26. Bf1 Nb7 27. Nxb7 Rxb7 28. h3 Be6 29. Bc4 Rc7 30. Rc2 Kf8 31. Nd6 Rc6 32. Rd2 Be5 33. Bxe6 Rxd6 34. Bd5 Bc3 35. Rd3 Bb4 36. Kf1 g5 37. Ke2 f5 38. Kd1 Bc5 39. f3 Ra6 40. a4 Rd6 41. Kc2 a5 42. Kc3 Bb4+ 43. Kd4 Ke7 44. Ke5 Rf6 45. Bc4 Rd6 46. Rxd6 Bxd6+ 47. Kxf5 Bc5 48. Kg6 Bf2 49. Kxh6 Bh4 50. Kg6 Kd6 51. Kf5 Kc5 52. Ke4 Kb4 53. Kd5 Bf2 54. Ke5 Kc3 55. Kf5 Bh4 56. Kg4 Kd4 57. Be6 Ke5 58. Bg8 Kd4 59. Bc4 Kc3 60. Bf7 Kd4 61. Bg8 Kc5 62. Bf7 Kd4 63. Bc4 Kc5 64. Bb5 Kd4 65. Ba6 Kc3 66. Bc4 Kd4 67. Bf1 Ke3 68. Ba6 Kd4 69. Bf1 Ke3 70. b4 axb4 71. a5 b3 72. Bc4 b2 73. Ba2 1-0

[Event "Prague Zita Memorial"]
[Site "Prague"]
[Date "2019.06.25"]
[Round "5"]
[White "Fedorov, Evgueny"]
[Black "Semenova, Elena"]
[Result "1-0"]
[WhiteElo "2250"]
[BlackElo "2255"]
[PlyCount "99"]
[EventDate "2019.06.22"]
[EventType "tourn"]
[EventRounds "9"]
[EventCountry "CZE"]
[SourceTitle "CBM 191 Extra"]
[Source "ChessBase"]
[SourceDate "2019.09.30"]
[SourceVersion "1"]
[SourceVersionDate "2019.09.30"]
[SourceQuality "1"]

1. e4 e5 2. Nf3 Nc6 3. Bb5 a6 4. Ba4 Nf6 5. 0-0 Be7 6. Re1 b5 7. Bb3 0-0 8. a4 b4 9. a5 d5 10. exd5 e4 11. dxc6 exf3 12. d4 fxg2 13. Bf4 Bg4 14. Qd3 Nh5 15. Be5 Bf6 16. Nd2 Bxe5 17. Rxe5 Nf4 18. Qe3 Ng6 19. Rd5 Qf6 20. Ne4 Qf3 21. Ng5 Qxe3 22. fxe3 h6 23. h3 Be2 24. Kf2 Bb5 25. Nf3 Bxc6 26. Rc5 Bxf3 27. Kxf3 Nh4+ 28. Kg3 g5 29. Rxc7 Rae8 30. Kf2 Kg7 31. Bd5 Rc8 32. Rxc8 Rxc8 33. Rc1 Rb8 34. Bxg2 Rb5 35. Bc6 Rxa5 36. Ke2 Kf6 37. c4 Ra2 38. Rc2 b3 39. Rd2 Nf5 40. c5 Ne7 41. Bb7 Ra5 42. Kd3 Ke6 43. Kc4 Kd7 44. d5 Ng6 45. d6 Ne5+ 46. Kd5 f6 47. Rd1 h5 48. Rf1 Nd3 49. Rxf6 Nxc5 50. Bc6+ 1-0

[Event "Prague Zita Memorial"]
[Site "Prague"]
[Date "2019.06.22"]
[Round "1"]
[White "Fedorov, Evgueny"]
[Black "Kiss, Pal"]
[Result "1/2-1/2"]
[WhiteElo "2250"]
[BlackElo "2278"]
[PlyCount "28"]
[EventDate "2019.06.22"]
[EventType "tourn"]
[EventRounds "9"]
[EventCountry "CZE"]
[SourceTitle "CBM 191 Extra"]
[Source "ChessBase"]
[SourceDate "2019.09.30"]
[SourceVersion "1"]
[SourceVersionDate "2019.09.30"]
[SourceQuality "1"]

1. e4 c5 2. Nf3 Nc6 3. d4 cxd4 4. Nxd4 Nf6 5. Nc3 e5 6. Ndb5 h6 7. Nd5 Nxd5 8. exd5 a6 9. dxc6 axb5 10. cxd7+ Bxd7 11. Be2 Bc6 12. Qxd8+ Rxd8 13. Be3 Be7 14. 0-0 0-0 1/2-1/2

[Event "Prague Menchik Memorial rapid"]
[Site "Prague"]
[Date "2019.06.09"]
[Round "9"]
[White "Fedorov, Evgueny"]
[Black "Hosticka, Frantisek"]
[Result "1/2-1/2"]
[WhiteElo "2250"]
[BlackElo "2093"]
[PlyCount "26"]
[EventDate "2019.06.09"]
[EventType "swiss (rapid)"]
[EventRounds "9"]
[EventCountry "CSR"]
[SourceTitle "CBM 190 Extra"]
[Source "ChessBase"]
[SourceDate "2019.07.15"]
[SourceVersion "1"]
[SourceVersionDate "2019.07.15"]
[SourceQuality "1"]

1. e4 Nf6 2. e5 Nd5 3. d4 d6 4. c4 Nb6 5. exd6 exd6 6. Nc3 Be7 7. Bd3 Nc6 8. Nge2 Bg4 9. Be3 Bg5 10. Qd2 Bxe3 11. Qxe3+ Qe7 12. Qxe7+ Nxe7 13. h3 Bf5 1/2-1/2

[Event "CZE-chT2B 1819"]
[Site "Czech Republic"]
[Date "2019.03.17"]
[Round "10.7"]
[White "Fedorov, Evgueny"]
[Black "Pokrupa, Marek"]
[Result "1-0"]
[WhiteElo "2239"]
[BlackElo "2157"]
[PlyCount "83"]
[EventDate "2018.10.14"]
[EventType "team-tourn"]
[EventRounds "11"]
[EventCountry "CZE"]
[SourceTitle "EXT 2022"]
[Source "ChessBase"]
[SourceDate "2021.10.06"]
[SourceVersion "1"]
[SourceVersionDate "2021.10.06"]
[SourceQuality "1"]
[WhiteTeam "Praha Dopravni podnik II"]
[BlackTeam "Podborany"]
[WhiteTeamCountry "CZE"]
[BlackTeamCountry "CZE"]

1. e4 e6 2. d4 d5 3. Nc3 dxe4 4. Nxe4 Nd7 5. Nf3 Ngf6 6. Nxf6+ Nxf6 7. Ne5 c5 8. Bb5+ Nd7 9. Bxd7+ Bxd7 10. Qf3 f6 11. Qh5+ Ke7 12. Qf7+ Kd6 13. Nxd7 Qxd7 14. dxc5+ Kc6 15. Qxd7+ Kxd7 16. Be3 Kc6 17. 0-0-0 Be7 18. c4 a5 19. Rd3 Rhd8 20. Rb3 Ra6 21. Rb5 Rd7 22. Re1 Bd8 23. f4 Bc7 24. Bd2 Rd4 25. b3 Bxf4 26. Bxf4 Rxf4 27. Rxe6+ Kd7 28. Rxa6 bxa6 29. Rxa5 Rf2 30. Rxa6 Rxg2 31. b4 Rg4 32. Kb2 Rxc4 33. Kb3 Rg4 34. b5 f5 35. Ra7+ Kc8 36. c6 Rg1 37. Rf7 Rb1+ 38. Kc4 Rc1+ 39. Kd5 Rb1 40. Kd6 Rd1+ 41. Kc5 Rc1+ 42. Kb6 1-0

[Event "Prague Menchik Memorial rapid"]
[Site "Prague"]
[Date "2018.06.10"]
[Round "6"]
[White "Fedorov, Evgueny"]
[Black "Bicek, Richard"]
[Result "1-0"]
[WhiteElo "2239"]
[BlackElo "2123"]
[PlyCount "57"]
[EventDate "2018.06.10"]
[EventType "swiss (rapid)"]
[EventRounds "9"]
[EventCountry "CZE"]
[SourceTitle "CBM 184 Extra"]
[Source "ChessBase"]
[SourceDate "2018.06.28"]
[SourceVersion "1"]
[SourceVersionDate "2018.06.28"]
[SourceQuality "1"]

1. e4 c6 2. d4 d5 3. exd5 cxd5 4. c4 Nf6 5. Nc3 Nc6 6. Nf3 Bg4 7. cxd5 Nxd5 8. Qb3 Nxc3 9. bxc3 Bxf3 10. gxf3 Qb6 11. Qxb6 axb6 12. Rb1 Rxa2 13. Bc4 Ra7 14. 0-0 e6 15. d5 exd5 16. Bxd5 Be7 17. Be3 0-0 18. Rxb6 Bf6 19. Rb3 Ra5 20. c4 Nd8 21. Rfb1 g6 22. Bb6 Ra2 23. Bc5 Re8 24. Be3 Kg7 25. c5 Rc2 26. Be4 Rc4 27. Rd1 Be7 28. Bd3 Ra4 29. Bb5 1-0

[Event "EU-ch rapid"]
[Site "Katowice"]
[Date "2017.12.16"]
[Round "3"]
[White "Fedorov, Evgueny"]
[Black "McShane, Luke J"]
[Result "0-1"]
[WhiteElo "2241"]
[BlackElo "2640"]
[PlyCount "70"]
[EventDate "2017.12.16"]
[EventType "swiss (rapid)"]
[EventRounds "11"]
[EventCountry "POL"]
[SourceTitle "CBM 182 Extra"]
[Source "ChessBase"]
[SourceDate "2018.02.23"]
[SourceVersion "1"]
[SourceVersionDate "2018.02.23"]
[SourceQuality "1"]

1. e4 e5 2. Nf3 Nc6 3. Bb5 Nf6 4. 0-0 Nxe4 5. d4 Nd6 6. Bxc6 dxc6 7. dxe5 Nf5 8. Qxd8+ Kxd8 9. Rd1+ Ke8 10. b3 Ne7 11. Bb2 Bg4 12. Nbd2 Nd5 13. a3 Rd8 14. Re1 h6 15. h3 Bc8 16. Ne4 c5 17. Rad1 b6 18. Kh2 Nf4 19. Kg3 Ne2+ 20. Kh2 Rxd1 21. Rxd1 Bf5 22. Ng3 Nxg3 23. fxg3 Bxc2 24. Re1 Bxb3 25. g4 Kd7 26. Nh4 Be6 27. Nf5 b5 28. Rd1+ Kc8 29. Ne3 a5 30. a4 b4 31. Rc1 Kb7 32. Nc4 Ka6 33. Kg3 Be7 34. Rc2 Rd8 35. Kf2 Bxc4 0-1

[Event "EU-ch blitz"]
[Site "Katowice"]
[Date "2017.12.15"]
[Round "14"]
[White "Fedorov, Evgueny"]
[Black "Mikhalchishin, Adrian"]
[Result "0-1"]
[WhiteElo "2241"]
[BlackElo "2479"]
[PlyCount "77"]
[EventDate "2017.12.15"]
[EventType "swiss (blitz)"]
[EventRounds "22"]
[EventCountry "POL"]
[SourceTitle "CBM 182 Extra"]
[Source "ChessBase"]
[SourceDate "2018.02.23"]
[SourceVersion "1"]
[SourceVersionDate "2018.02.23"]
[SourceQuality "1"]

1. e4 e5 2. Nf3 Nc6 3. Bb5 a6 4. Ba4 Nge7 5. c3 g6 6. 0-0 Bg7 7. d4 exd4 8. cxd4 b5 9. Bb3 d6 10. h3 0-0 11. a4 Bb7 12. Nc3 Na5 13. Bc2 b4 14. Ne2 c5 15. dxc5 dxc5 16. Qxd8 Rfxd8 17. Bg5 Kf8 18. Be3 Rac8 19. Rad1 Rxd1 20. Rxd1 Bxb2 21. Rd6 b3 22. Bd1 Nc4 23. Rd7 Bc6 24. Ra7 Nxe3 25. fxe3 Bxa4 26. Rxa6 Bb5 27. Rb6 Bxe2 28. Bxe2 c4 29. Bxc4 Rxc4 30. Rxb3 Bc1 31. Nd4 Bxe3+ 32. Rxe3 Rxd4 33. Kf2 Nc6 34. Kf3 Ke7 35. Kf4 f5 36. Kg5 fxe4 37. Kh6 Kf6 38. Kxh7 Ne5 39. Re1 0-1

[Event "EU-ch blitz"]
[Site "Katowice"]
[Date "2017.12.15"]
[Round "7"]
[White "Fedorov, Evgueny"]
[Black "Pappelis, Dimitrios"]
[Result "1-0"]
[WhiteElo "2241"]
[BlackElo "2114"]
[PlyCount "167"]
[EventDate "2017.12.15"]
[EventType "swiss (blitz)"]
[EventRounds "22"]
[EventCountry "POL"]
[SourceTitle "CBM 182 Extra"]
[Source "ChessBase"]
[SourceDate "2018.02.23"]
[SourceVersion "1"]
[SourceVersionDate "2018.02.23"]
[SourceQuality "1"]

1. e4 c5 2. Nf3 Nc6 3. d4 cxd4 4. Nxd4 Nf6 5. Nc3 e5 6. Ndb5 d6 7. Bg5 a6 8. Na3 Be6 9. Nc4 Rc8 10. Ne3 Be7 11. Bxf6 Bxf6 12. Ncd5 0-0 13. Be2 Bg5 14. 0-0 Bxe3 15. Nxe3 Ne7 16. Bg4 Qd7 17. c3 Rfd8 18. Qf3 Bxg4 19. Nxg4 Qe6 20. Rfe1 f6 21. Ne3 d5 22. exd5 Nxd5 23. Nf5 Ne7 24. Nxe7+ Qxe7 25. Rad1 Rxd1 26. Rxd1 Rd8 27. h3 Rd7 28. Rxd7 Qxd7 29. Qe4 g6 30. h4 Kg7 31. h5 gxh5 32. Qf3 Kg6 33. Kh2 Qc7 34. Qe4+ Kh6 35. Qf5 e4+ 36. g3 Qe7 37. Kh3 e3 38. Qf4+ Kg6 39. fxe3 Qd7+ 40. Kh4 Qd1 41. Qe4+ Kg7 42. Qxb7+ Kg6 43. Qe4+ Kg7 44. Kh3 Qf1+ 45. Qg2 Qf5+ 46. Kh2 Qb5 47. b3 Qd3 48. c4 Qxe3 49. Qc2 Qe5 50. Qf2 h4 51. Kh3 Qe6+ 52. g4 Qe5 53. Kxh4 h6 54. Kh3 Qc3+ 55. Qg3 Qb2 56. a4 Qb1 57. Qf3 Qb2 58. c5 Qe5 59. c6 Qc7 60. Qd5 Kf8 61. Qc5+ Ke8 62. b4 Qd8 63. Qe3+ Kf7 64. b5 axb5 65. axb5 Qd1 66. Kg3 Qd6+ 67. Kf2 Qc7 68. Qd4 Qb8 69. b6 Qa8 70. b7 Qa2+ 71. Ke3 Qb3+ 72. Ke4 Qc2+ 73. Kd5 Qb3+ 74. Qc4 Qd1+ 75. Kc5+ Kg6 76. b8Q Qg1+ 77. Qd4 Qc1+ 78. Kd6 Qa3+ 79. Qbb4 Qg3+ 80. Qf4 Qd3+ 81. Kc7 Qa6 82. Qbe4+ Kg7 83. Qe7+ Kg8 84. Qd7 1-0

[Event "EU-ch blitz"]
[Site "Katowice"]
[Date "2017.12.15"]
[Round "9"]
[White "Pultinevicius, Paulius"]
[Black "Fedorov, Evgueny"]
[Result "1-0"]
[WhiteElo "2371"]
[BlackElo "2241"]
[PlyCount "53"]
[EventDate "2017.12.15"]
[EventType "swiss (blitz)"]
[EventRounds "22"]
[EventCountry "POL"]
[SourceTitle "CBM 182 Extra"]
[Source "ChessBase"]
[SourceDate "2018.02.23"]
[SourceVersion "1"]
[SourceVersionDate "2018.02.23"]
[SourceQuality "1"]

1. c4 Nf6 2. Nc3 c5 3. Nf3 e6 4. d4 cxd4 5. Nxd4 Bb4 6. Ndb5 0-0 7. Bf4 Na6 8. Bd6 Re8 9. Bxb4 Nxb4 10. a3 Nc6 11. Nd6 Rf8 12. e3 a6 13. Be2 Ne8 14. 0-0 Qe7 15. Nce4 f5 16. Nxe8 Rxe8 17. Nd6 Rd8 18. b4 Ne5 19. Rc1 Nf7 20. c5 Nxd6 21. cxd6 Qf6 22. Rc7 b6 23. Bf3 Rb8 24. Qc2 Qe5 25. Rd1 g6 26. Ra7 a5 27. Qc7 1-0

[Event "EU-ch blitz"]
[Site "Katowice"]
[Date "2017.12.15"]
[Round "21"]
[White "Zelcic, Robert"]
[Black "Fedorov, Evgueny"]
[Result "1-0"]
[WhiteElo "2501"]
[BlackElo "2241"]
[PlyCount "121"]
[EventDate "2017.12.15"]
[EventType "swiss (blitz)"]
[EventRounds "22"]
[EventCountry "POL"]
[SourceTitle "CBM 182 Extra"]
[Source "ChessBase"]
[SourceDate "2018.02.23"]
[SourceVersion "1"]
[SourceVersionDate "2018.02.23"]
[SourceQuality "1"]

1. e4 Nf6 2. e5 Nd5 3. d4 d6 4. Nf3 Nb6 5. Bd3 g6 6. 0-0 Bg7 7. h3 0-0 8. Re1 Nc6 9. Qe2 dxe5 10. dxe5 Nd4 11. Nxd4 Qxd4 12. Nd2 Be6 13. Nf3 Qd7 14. Bg5 Rfe8 15. Rad1 Qc8 16. Nd4 c6 17. a3 Nd5 18. c4 Nb6 19. b3 a5 20. a4 Rb8 21. Qe3 Na8 22. Nxe6 Qxe6 23. f4 f6 24. Bh4 fxe5 25. fxe5 Rf8 26. Bg3 Rbd8 27. Be2 h5 28. c5 Nc7 29. Bc4 Nd5 30. Qd2 Kh7 31. Qxa5 Qf5 32. Bxd5 Rxd5 33. Rxd5 cxd5 34. Qd2 e6 35. b4 Bh6 36. Qe2 d4 37. Qe4 Be3+ 38. Rxe3 dxe3 39. Qxe3 Rd8 40. Qf3 Qxf3 41. gxf3 Rd4 42. Be1 Rd1 43. Kf2 Ra1 44. a5 Rb1 45. Ke2 g5 46. Bd2 Kg6 47. Kd3 Kf5 48. Kc4 Kxe5 49. b5 Rd1 50. Bc3+ Kf5 51. c6 bxc6 52. b6 Rb1 53. Bb4 c5 54. Kxc5 Rc1+ 55. Kb5 Rc8 56. b7 Re8 57. a6 g4 58. fxg4+ hxg4 59. hxg4+ Kxg4 60. Bd6 Kf5 61. b8Q 1-0

[Event "Prague Golden rap op 13th"]
[Site "Prague"]
[Date "2017.07.01"]
[Round "5"]
[White "Fedorov, Evgueny"]
[Black "Plasek, Zdenek"]
[Result "1-0"]
[WhiteElo "2251"]
[BlackElo "1993"]
[PlyCount "78"]
[EventDate "2017.07.01"]
[EventType "swiss (rapid)"]
[EventRounds "7"]
[EventCountry "CZE"]
[SourceTitle "EXT 2018"]
[Source "ChessBase"]
[SourceDate "2017.10.13"]
[SourceVersion "1"]
[SourceVersionDate "2017.10.13"]
[SourceQuality "1"]

1. e4 c5 2. Nf3 d6 3. d4 cxd4 4. Nxd4 Nf6 5. Nc3 Nc6 6. Bg5 e6 7. Qd2 a6 8. 0-0-0 Qb6 9. Nb3 Qc7 10. f4 b6 11. g3 Bb7 12. Bg2 Rc8 13. Rhe1 h6 14. Bxf6 gxf6 15. Kb1 b5 16. Bh3 Nb4 17. f5 e5 18. a3 Nc6 19. Nd5 Qd8 20. Qe2 h5 21. Rd3 a5 22. Red1 a4 23. Nd2 Nd4 24. Rxd4 exd4 25. Nf3 Bg7 26. Nxd4 Kf8 27. Nxb5 Ba6 28. c4 Rc5 29. Ndc3 Qc8 30. Rxd6 Bxb5 31. cxb5 Bh6 32. Qd3 Kg7 33. b6 Qb8 34. Nxa4 Rc1+ 35. Ka2 Rhc8 36. Qd4 Bg5 37. Nc3 Re8 38. Rd7 h4 39. gxh4 Bf4 1-0